| 000 | 00708cam a22001931 4500 | ||
|---|---|---|---|
| 082 | 0 | 0 |
_a516.244 _bKEL _cL-4 P-10 |
| 100 | 1 |
_aKells, Lyman M. _939203 |
|
| 245 | 1 | 0 |
_aSpherical trigonometry, _bwith naval and military applications, _cby Lyman M. Kells ... Willis F. Kern ... and James R. Bland ... |
| 250 | _a1st ed. | ||
| 260 |
_aNew York, _aLondon, _bMcGraw-Hill book company, inc., _c1942. |
||
| 300 |
_axiii, 163 p. incl. front., illus., diagrs. _c24 cm. |
||
| 500 | _a"Answers": p. 153-163. | ||
| 526 |
_a0 _b0 _c0 _d516_244000000000000_KEL |
||
| 650 | 0 |
_aMCE _9379 |
|
| 650 | 0 |
_aSpherical trigonometry. _939434 |
|
| 700 | 1 |
_aBland, James R., _939435 |
|
| 700 | 1 |
_aKern, Willis F. _939436 |
|
| 942 |
_2ddc _cBK |
||
| 999 |
_c543931 _d543931 |
||